01038 a2200181 4500001000700000020001800007040003200025100001800057245004900075300004700124362000900171490002200180520056700202650002500769650002100794650001300815650002800828120531 a9781407136301 cEscola Canadense de Niteroi aKuenzler, Lou10aPrincess DisGrace: third term at tall towers a229 p.c7 x 0.63 x 7.99 inches (paperback)0 a20150 aPrincess Disgrace aIt is summer and Clumsy Princess Grace is back at Tall Towers Academy for her third term. As the sun shines bright on Coronet Island, Grace is desperate to leap into the beautiful shell-shaped pool for swimming lessons - with real mermaids. But her best friend Scarlet is no so sure. She is terrified of the water and begins to act very strangely. As Grace follows her to the beach one moonlit night, an enchanted mermaid mystery begins to unravel. With the help of dolphins, jewels and secrets from long ago, can Grace protect her friend and save a mermaid too? 4aJuvenile Literature  4aHumorous stories 4aKingdoms 4a Princesses and Princes